[Event "Moscow op (Women) 16th"]
[Site "Moscow"]
[Date "2020.01.28"]
[Round "4"]
[White "Putinceva, Marina"]
[Black "Khachatryan, Marieta"]
[Result "0-1"]
[WhiteElo "1457"]
[BlackElo "1761"]
[PlyCount "68"]
[EventDate "2020.01.25"]
[EventType "swiss"]
[EventRounds "9"]
[EventCountry "RUS"]
[SourceTitle "CBM 194 Extra"]
[Source "ChessBase"]
[SourceDate "2020.03.31"]
[SourceVersion "1"]
[SourceVersionDate "2020.03.31"]
[SourceQuality "1"]

1. e4 c6 2. Nf3 d5 3. exd5 cxd5 4. Ne5 Nc6 5. d4 Nf6 6. Bb5 Bd7 7. Nxd7 Qxd7 8. c3 e6 9. Nd2 Bd6 10. 0-0 0-0 11. Re1 Qc7 12. Nf3 h6 13. Bd2 a6 14. Bd3 Rfe8 15. g3 Rad8 16. Qc1 e5 17. dxe5 Nxe5 18. Nxe5 Bxe5 19. Bxh6 gxh6 20. Qxh6 Ne4 21. Bxe4 dxe4 22. Rxe4 Bg7 23. Rg4 f5 24. Rg5 Qf7 25. Qh3 Re5 26. Qh4 Rde8 27. Qh5 Qd5 28. f3 Qd2 29. Rxg7+ Kxg7 30. Rf1 Re1 31. Qh3 Rxf1+ 32. Qxf1 Re1 33. Qxe1 Qxe1+ 34. Kg2 Qe2+ 0-1

[Event "EU-ch U12 Girls"]
[Site "Bratislava"]
[Date "2019.08.09"]
[Round "8"]
[White "Putinceva, Marina"]
[Black "Grigorova, Asya"]
[Result "1-0"]
[WhiteElo "1476"]
[BlackElo "1183"]
[PlyCount "65"]
[EventDate "2019.08.02"]
[EventType "swiss"]
[EventRounds "9"]
[EventCountry "SVK"]
[SourceTitle "EXT 2020"]
[Source "ChessBase"]
[SourceDate "2019.10.17"]
[SourceVersion "1"]
[SourceVersionDate "2019.10.17"]
[SourceQuality "1"]

1. e4 c5 2. Nf3 a6 3. d4 cxd4 4. Nxd4 Nf6 5. Nc3 e5 6. Nb3 Bb4 7. Bd3 d5 8. exd5 Nxd5 9. Bd2 Nxc3 10. bxc3 Bd6 11. 0-0 0-0 12. f4 Qc7 13. Qf3 exf4 14. Rae1 Nd7 15. Bxf4 Bxf4 16. Qxf4 Qxc3 17. Re3 Qf6 18. Qe4 Qg6 19. Qf4 Qb6 20. Nd4 Nf6 21. Qh4 h6 22. Rg3 Kh8 23. Kh1 Rd8 24. c3 Rd5 25. Rgf3 Rh5 26. Rxf6 Qxf6 27. Qxh5 Qe7 28. Qxf7 Qxf7 29. Rxf7 g5 30. Rf8+ Kg7 31. Rd8 b5 32. Be4 Rb8 33. Bf5 1-0